| 000 | 00383nam a22001337a 4500 | ||
|---|---|---|---|
| 040 | _cNUST | ||
| 082 | _a200 THE | ||
| 100 |
_aMuneeb Arshad _988693 |
||
| 110 |
_aSupervisor Dr. Shahzad Amin Sheikh _988694 |
||
| 245 | _aTH-SOF-1959-Analysis and Classification of EEG Signals | ||
| 260 |
_aISLAMABAD: _bNUST COLLEGE OF EME _c2021. |
||
| 650 |
_aMS-ELECT-19 _988695 |
||
| 942 |
_2ddc _cBK |
||
| 999 |
_c587737 _d587737 |
||